A personal country /

Bibliographic Details
Main Author: Greene, A. C., 1923-2002
Format: Book
Language:English
Published: College Station : Texas A&M University Press, [1979]
Edition:Rev. ed.
Subjects:

MARC

Tag First Indicator Second Indicator Subfields
LEADER 00000pam a2200000 i 4500
001 in00000066809
005 20191210142648.0
008 790605s1979 txua 00010aeng
010 |a  79007410  
020 |a 0890960771 :  |c $12.95 
035 |a (OCoLC)05102037 
035 |9 AAG3318AM 
040 |a DLC  |c DLC  |d TXA  |d UtOrBLW 
043 |a n-us-tx 
049 |a TXAM  |c 1 [1496982]  |a TXAS  |c 2 [txas], 3 [pres] 
050 0 0 |a F391.2  |b .G66 1979 
082 0 |a 976.4/06 
100 1 |a Greene, A. C.,  |d 1923-2002. 
245 1 2 |a A personal country /  |c A. C. Greene ; foreword by Larry L. King ; illustrated by Ancel Nunn. 
250 |a Rev. ed. 
264 1 |a College Station :  |b Texas A&M University Press,  |c [1979] 
264 4 |c ©1979 
300 |a xvii, 328 pages :  |b illustrations ;  |c 22 cm. 
336 |a text  |b txt  |2 rdacontent 
337 |a unmediated  |b n  |2 rdamedia 
338 |a volume  |b nc  |2 rdacarrier 
500 |a The Cushing Library/Chapman Texas Collection copy is part of the Floyd & Louise Chapman Texas & Borderlands Collection.  |5 TXA 
600 1 0 |a Greene, A. C.,  |d 1923-2002. 
651 0 |a Texas  |x Description and travel. 
651 0 |a Texas  |x Social life and customs. 
651 0 |a Texas  |v Biography. 
999 |a MARS 
999 f f |s aab9c3b8-4690-340c-a52d-f4f8a5c5a80e  |i e9d4571d-603e-3141-a3f2-838b9755d359  |t 0 
952 f f |p noncirc  |a Texas A&M University  |b College Station  |c Cushing Memorial Library & Archives  |d Cushing: Chapman Texas Collection (Does not check out)  |t 0  |e F391.2 .G66 1979  |h Library of Congress classification  |i unmediated -- volume  |m A14800329702 
952 f f |p noncirc  |a Texas A&M University  |b College Station  |c Cushing Memorial Library & Archives  |d Cushing: Texas A&M Press (Does not check out)  |t 0  |e F391.2 .G66 1979  |h Library of Congress classification  |i unmediated -- volume 
952 f f |p normal  |a Texas A&M University  |b College Station  |c Sterling C. Evans Library  |d Evans: Library Stacks  |t 0  |e F391.2 .G66 1979  |h Library of Congress classification  |i unmediated -- volume  |m A14802295284 
998 f f |a F391.2 .G66 1979  |t 0  |l Cushing: Texas A&M Press (Does not check out) 
998 f f |a F391.2 .G66 1979  |t 0  |l Cushing: Chapman Texas Collection (Does not check out) 
998 f f |a F391.2 .G66 1979  |t 0  |l Evans: Library Stacks